000 00938nas a2200301 4500
001 BR0204097
003 BR-BrBNA
005 20231205103157.0
007 ta
008 230509b bl.|||p| |||| 00| 00por d
040 _aBR-BrBNA
_bpor
_cBiblioteca Nacional de Agricultura
041 _a(Pt)
072 _aQ03
100 1 _aBorges, G.T.
100 1 _aSantana, A.P.
100 1 _aMesquita, A.J. de
100 1 _aMesquita, S.Q.P.
100 1 _aSilva, L.A.F. da
100 1 _aNunes, V. de Q.
245 1 _aOcorrência de resíduos de antibioóticos em leite pasteurizado integral e padronizado produzido e comercializado no Estado de Goiás
650 _aLEITE PASTEURIZADO
650 _aRESÍDUO
650 _aANTIBIÓTICO
650 _aGOIÁS
773 0 _tCiência Animal Brasileira (Brazil)
_xISSN 1518-2797
_g(Jan-Jul 2000), v. 1(1) p.
_wBR0204097
909 _a202311
_bLúcia
_c55
_dLúcia Elande
942 _2AGRIS
_n0
_cANA
999 _c171498
_d171498